01620nam a2200421 i 450000100060000000300080000600500170001400600190003100700150005000800410006502000270010603500230013303500240015603500250018003500210020504000310022605000210025708000100027808200140028810000410030224501980034326400550054130000410059633600310063733700330066833800430070149000350074450000230077958801270080265000220092965000270095165000270097865000340100565500270103970000340106683000360110085600620113699171FlNmELB20241217172821.0m o d | cr cnu||||||||160126s2012 sp o 001 0 spa d a9788416283118 (e-book) a(MiAaPQ)EBC4183892 a(Au-PeEL)EBL4183892 a(CaPaEBR)ebr11126177 a(OCoLC)949163062 aFINmELBbspaerdacFINmELB 4aBF721bS625 2012 a159.90 a155.42231 aSáiz Manzanares, María Consuelo.10aPsicología del desarrollo en la primera infancia :bun proyecto docente adaptado al espacio europeo de educación superior /cMaría Consuelo Sáiz Manzanares, René Jesús Payo Hernanz. 1aBurgos :bEditorial Universidad de Burgos,c[2012] a1 recurso en línea (267 páginas) atextobtxt2rdacontent/spa acomputadorabc2rdamedia/spa arecurso en líneabcr2rdacarrier/spa1 aEstudios y monografías ;v57 aContiene índice. aDescripción basada en recurso en línea; Título de la página del título en PDF (e-libro, visto January 26, 2016). 0aChild psychology. 4aPsicología infantil. 0aAdolescent psychology. 4aPsicología del Adolescente. 4aLibros electrónicos.1 aPayo Hernanz, René Jesús. 0aEstudios y monografías ;v57.40uhttps://elibro.net/ereader/politecnicointernacional/43948